000 00814nam a2200253 a 4500
001 15320
003 BD-RjUL
005 20240919144844.0
008 140209r19711964ii 000 0 eng
035 _a(BD-RjUL)15374
040 _aDLC
_cBD-RjUL
_dBD-RjUL
_dDLC
_beng
041 _aeng
082 _a338.954
_bKHM 1971
100 1 _aKhera, Sucha Singh,
_d1903-
_946819
245 1 0 _aManagement and control in public enterprise /
_c[by] S.S. Khera.
260 _aNew York :
_bAsia Pub. House,
_cc1964, [reprinted 1971]
300 _axiv, 270 p.;
_c23 cm.
500 _a"Abbreviated version of ... [the author's] Government in business."
650 0 _aIndustrial policy
_zIndia.
_916700
650 0 _aIndustrial management
_zIndia.
_945944
942 _2ddc
_cBK
999 _c15320
_d15320